<?xml version="1.0" encoding="UTF-8"?><?xml-stylesheet type="text/xsl" href="static/style.xsl"?><OAI-PMH xmlns="http://www.openarchives.org/OAI/2.0/" xmlns:xsi="http://www.w3.org/2001/XMLSchema-instance" xsi:schemaLocation="http://www.openarchives.org/OAI/2.0/ http://www.openarchives.org/OAI/2.0/OAI-PMH.xsd"><responseDate>2026-04-17T17:18:17Z</responseDate><request verb="GetRecord" identifier="oai:www.recercat.cat:11351/8420" metadataPrefix="marc">https://recercat.cat/oai/request</request><GetRecord><record><header><identifier>oai:recercat.cat:11351/8420</identifier><datestamp>2024-12-13T09:43:25Z</datestamp><setSpec>com_2072_378070</setSpec><setSpec>com_2072_378040</setSpec><setSpec>col_2072_378092</setSpec></header><metadata><record xmlns="http://www.loc.gov/MARC21/slim" xmlns:dcterms="http://purl.org/dc/terms/" xmlns:xsi="http://www.w3.org/2001/XMLSchema-instance" xmlns:doc="http://www.lyncode.com/xoai" xsi:schemaLocation="http://www.loc.gov/MARC21/slim http://www.loc.gov/standards/marcxml/schema/MARC21slim.xsd">
   <leader>00925njm 22002777a 4500</leader>
   <datafield ind2=" " ind1=" " tag="042">
      <subfield code="a">dc</subfield>
   </datafield>
   <datafield ind2=" " ind1=" " tag="720">
      <subfield code="a">Pala Vila, Elena</subfield>
      <subfield code="e">author</subfield>
   </datafield>
   <datafield ind2=" " ind1=" " tag="720">
      <subfield code="a">Bustamante Rangel, Alejandro</subfield>
      <subfield code="e">author</subfield>
   </datafield>
   <datafield ind2=" " ind1=" " tag="720">
      <subfield code="a">Clua-Espuny, Jose L.</subfield>
      <subfield code="e">author</subfield>
   </datafield>
   <datafield ind2=" " ind1=" " tag="720">
      <subfield code="a">Acosta, Juan</subfield>
      <subfield code="e">author</subfield>
   </datafield>
   <datafield ind2=" " ind1=" " tag="720">
      <subfield code="a">Gonzalez-Loyola, Felipe</subfield>
      <subfield code="e">author</subfield>
   </datafield>
   <datafield ind2=" " ind1=" " tag="720">
      <subfield code="a">Dos Santos, Sara</subfield>
      <subfield code="e">author</subfield>
   </datafield>
   <datafield ind2=" " ind1=" " tag="720">
      <subfield code="a">Penalba Morenilla, Anna</subfield>
      <subfield code="e">author</subfield>
   </datafield>
   <datafield ind2=" " ind1=" " tag="720">
      <subfield code="a">Montaner Villalonga, Joan</subfield>
      <subfield code="e">author</subfield>
   </datafield>
   <datafield ind2=" " ind1=" " tag="720">
      <subfield code="a">Giralt Arnaiz, Marina</subfield>
      <subfield code="e">author</subfield>
   </datafield>
   <datafield ind2=" " ind1=" " tag="260">
      <subfield code="c">2022-11-09T08:13:01Z</subfield>
   </datafield>
   <datafield ind2=" " ind1=" " tag="260">
      <subfield code="c">2022-11-09T08:13:01Z</subfield>
   </datafield>
   <datafield ind2=" " ind1=" " tag="260">
      <subfield code="c">2022-08-23</subfield>
   </datafield>
   <datafield ind2=" " ind1=" " tag="520">
      <subfield code="a">Biomarkers; Electrocardiography; Blood plasma</subfield>
   </datafield>
   <datafield ind2=" " ind1=" " tag="520">
      <subfield code="a">Biomarcadores; Electrocardiografía; Plasma sanguíneo</subfield>
   </datafield>
   <datafield ind2=" " ind1=" " tag="520">
      <subfield code="a">Biomarcadors; Electrocardiografia; Plasma sanguini</subfield>
   </datafield>
   <datafield ind2=" " ind1=" " tag="520">
      <subfield code="a">Background and objective&#xd;
AFRICAT is a prospective cohort study intending to develop an atrial fibrillation (AF) screening program through the combination of blood markers, rhythm detection devices, and long-term monitoring in our community. In particular, we aimed to validate the use of NT-proBNP, and identify new blood biomarkers associated with AF. Also, we aimed to compare AF detection using various wearables and long-term Holter monitoring.&#xd;
Methods&#xd;
359 subjects aged 65–75 years with hypertension and diabetes were included in two phases: Phase I (n = 100) and Phase II (n = 259). AF diagnosis was performed by baseline 12-lead ECG, 4 weeks of Holter monitoring (NuuboTM), and/or medical history. An aptamer array including 1310 proteins was measured in the blood of 26 patients. Candidates were selected according to p-value, logFC and biological function to be tested in verification and validation phases. Several screening devices were tested and compared: AliveCor, Watch BP, MyDiagnostick and Fibricheck.&#xd;
Results&#xd;
AF was present in 34 subjects (9.47%). The aptamer array revealed 41 proteins with differential expression in AF individuals. TIMP-2 and ST-2 were the most promising candidates in the verification analysis, but none of them was further validated. NT-proBNP (log-transformed) (OR = 1.934; p&lt;0.001) was the only independent biomarker to detect AF in the whole cohort. Compared to an ECG, WatchBP had the highest sensitivity (84.6%) and AUC (0.895 [0.780–1]), while MyDiagnostick showed the highest specificity (97.10%).&#xd;
Conclusion&#xd;
The inclusion and monitoring of a cohort of primary care patients for AF detection, together with the testing of biomarkers and screening devices provided useful lessons about AF screening in our community. An AF screening strategy using rhythm detection devices and short monitoring periods among high-risk patients with high NT-proBNP levels could be feasible.</subfield>
   </datafield>
   <datafield ind2=" " ind1=" " tag="520">
      <subfield code="a">This work was supported by Fundació Marató de TV3 in the research call “La Marató 2014: malalties del cor” [grant number: 201528-30-31-3]. EP received a predoctoral grant from Vall d’Hebron Institute of Research. Neurovascular Research Laboratory also takes part in the Span-ish stroke research network INVICTUS+ [RD16/0019]. This project is supported by AFFECT-EU, receiving funding from the European Union’s Horizon 2020 research and innovation pro-gramme under grant agreement N°847770. The funders had no role in study design, data collection and analysis, decision to publish, or preparation of the manuscript.</subfield>
   </datafield>
   <datafield ind1="8" ind2=" " tag="024">
      <subfield code="a">http://hdl.handle.net/11351/8420</subfield>
   </datafield>
   <datafield tag="653" ind2=" " ind1=" ">
      <subfield code="a">Marcadors bioquímics</subfield>
   </datafield>
   <datafield tag="653" ind2=" " ind1=" ">
      <subfield code="a">Fibril·lació auricular</subfield>
   </datafield>
   <datafield tag="653" ind2=" " ind1=" ">
      <subfield code="a">Electrocardiografia</subfield>
   </datafield>
   <datafield tag="653" ind2=" " ind1=" ">
      <subfield code="a">DISEASES::Cardiovascular Diseases::Heart Diseases::Arrhythmias, Cardiac::Atrial Fibrillation</subfield>
   </datafield>
   <datafield tag="653" ind2=" " ind1=" ">
      <subfield code="a">CHEMICALS AND DRUGS::Biological Factors::Biomarkers</subfield>
   </datafield>
   <datafield tag="653" ind2=" " ind1=" ">
      <subfield code="a">ANALYTICAL, DIAGNOSTIC AND THERAPEUTIC TECHNIQUES, AND EQUIPMENT::Diagnosis::Diagnostic Techniques and Procedures::Diagnostic Techniques, Cardiovascular::Heart Function Tests::Electrocardiography::Electrocardiography, Ambulatory</subfield>
   </datafield>
   <datafield tag="653" ind2=" " ind1=" ">
      <subfield code="a">ENFERMEDADES::enfermedades cardiovasculares::enfermedades cardíacas::arritmias cardíacas::fibrilación atrial</subfield>
   </datafield>
   <datafield tag="653" ind2=" " ind1=" ">
      <subfield code="a">COMPUESTOS QUÍMICOS Y DROGAS::factores biológicos::biomarcadores</subfield>
   </datafield>
   <datafield tag="653" ind2=" " ind1=" ">
      <subfield code="a">TÉCNICAS Y EQUIPOS ANALÍTICOS, DIAGNÓSTICOS Y TERAPÉUTICOS::diagnóstico::técnicas y procedimientos diagnósticos::técnicas diagnósticas cardiovasculares::pruebas de función cardíaca::electrocardiografía::electrocardiografía ambulatoria</subfield>
   </datafield>
   <datafield ind2="0" ind1="0" tag="245">
      <subfield code="a">Blood-biomarkers and devices for atrial fibrillation screening: Lessons learned from the AFRICAT (Atrial Fibrillation Research In CATalonia) study</subfield>
   </datafield>
</record></metadata></record></GetRecord></OAI-PMH>